| 000 | 00852cam a2200289 4500 | ||
|---|---|---|---|
| 001 | 8603 | ||
| 003 | BD-RjUL | ||
| 005 | 20211208234622.0 | ||
| 008 | 750418s1931 enka 001 0 eng d | ||
| 035 | _a(OCoLC)ocm01285422 | ||
| 035 | _a(BD-RjUL)8648 | ||
| 040 |
_aDLC _cGAT _dSER _dBD-RjUL _beng |
||
| 041 | _aeng | ||
| 082 |
_a526.8 _bMEI 1931 |
||
| 099 |
_a526.8 _aM48 |
||
| 100 | 1 |
_aMelluish, Robert Keith. _926807 |
|
| 245 | 0 | 3 |
_aAn introduction to the mathematics of map projections/ _cby R.K. Melluish ... |
| 260 |
_aCambridge _bThe University Press, _c1931. |
||
| 300 |
_aviii, 144p.: _c22 cm. |
||
| 504 | _aBibliography: p. viii. | ||
| 650 | 0 |
_aMap projection. _925554 |
|
| 650 | 0 |
_aSurfaces, Representation of. _920299 |
|
| 740 | 0 | 1 | _aMathematics of map projections. |
| 942 |
_2ddc _cBK |
||
| 999 |
_c8603 _d8603 |
||